| 000 | 02481cam a2200505Ii 4500 | ||
|---|---|---|---|
| 001 | sjds903253 | ||
| 003 | sjds | ||
| 005 | 20180623213511.0 | ||
| 008 | 160316s2015 ck a j 000 1 spa d | ||
| 020 |
_a9789583048968 _q(paperback) |
||
| 020 |
_a9583048968 _q(paperback) |
||
| 035 | _a(OCoLC)944927644 | ||
| 035 | _a892786 | ||
| 035 | _a(OCoLC)ocn944927644 | ||
| 035 | _a892786 | ||
| 040 |
_aJQW _beng _erda _cJQW _dOCLCO _dBDX _dOCLCF _dOCLCO _dOCLCQ _dOCLCO _dIFA |
||
| 041 | 1 |
_aspa _heng |
|
| 049 | _aIFAA | ||
| 099 | _f2015 | ||
| 999 |
_c20979 _d20979 |
||
| 999 | _bESPANOL PICTURE BOOKS MATIAS 2015 | ||
| 100 | 1 |
_aMatias, Segundo D., _cJr., _eauthor. |
|
| 240 | 1 | 0 |
_aI love you, Inay. _lSpanish |
| 245 | 1 | 0 |
_aTe amo, mami / _cSegundo D. Matias, Jr. ; ilustraciones de Ghani Madueno ; traduccion del ingles, Juan Pablo Mojica. |
| 250 | _aPrimera edicion. | ||
| 260 |
_aBogota, D.C., Colombia : _bPanamericana Editorial, _c2015. |
||
| 264 | 1 |
_aBogota, D.C., Colombia : _bPanamericana Editorial, _c2015. |
|
| 300 |
_a30 pages : _bcolor illustrations ; _c23 cm. |
||
| 336 |
_atext _btxt _2rdacontent |
||
| 336 |
_astill image _bsti _2rdacontent |
||
| 337 |
_aunmediated _bn _2rdamedia |
||
| 338 |
_avolume _bnc _2rdacarrier |
||
| 490 | 1 | _aColeccion OA infantil | |
| 500 | _aTranslation of: I love you, Inay. | ||
| 520 | _a"Esta serie acerca de las madres es un tributo a su labor y al amor con el que cuidan de sus hijos. La madre es una de las personas y figuras más importantes del mundo. Una madre tiene la capacidad de dar vida a un ser humano, puede ser hermana, amiga, compañera de juegos, maestra, doctora, gerente, protectora y mucho más. Lucía se queja de que su mamá siempre le está diciendo qué hacer y qué no hacer. Lucia está cansada de los constantes recordatorios y preguntas ... hasta que se da cuenta de que su mamá solo trata de cuidarla y de lo importante que es todo lo que hace por ella"--Page [4] of cover. | ||
| 520 |
_a"A little girl gets a little annoyed with her mother's constant nagging and worrying until, one day, she learns the hard way to appreciate what she has." -- _cAmazon.com. |
||
| 546 | _aIn Spanish. | ||
| 650 | 0 |
_aMothers _vJuvenile fiction. |
|
| 650 | 0 |
_aMother and child _vJuvenile fiction. |
|
| 650 | 7 |
_aMadres _vNovela juvenil. _2bidex |
|
| 650 | 7 |
_aMadre e hijos _vNovela juvenil. _2bidex |
|
| 700 | 1 |
_aMadueno, Ghani, _eillustrator. |
|
| 700 | 1 |
_aMojica, Juan Pablo, _etranslator. |
|
| 830 | 0 | _aColeccion OA infantil. | |
| 942 | _cBK | ||